Harry Potter: le Souvenir avec Bertha Jorkins - Statistiques

Statistiques générales
  • Ce quiz a été pris 33 fois
    29 depuis la dernière actualisation
  • Le résultat moyen est 6 sur 8
Statistiques - réponses
Information Réponses % Correct
Observateur Harry Potter
100%
Propriétaire du souvenir Albus Dumbledore
96%
Observateur Albus Dumbledore
96%
Personnage présent Albus Dumbledore
96%
Première apparition Harry Potter et la Coupe de Feu
96%
Dernière apparition Harry Potter et la Coupe de Feu
96%
Personnage présent Bertha Jorkins
61%
Personnage mentionné Florence
4%
Aucun quiz correspondant
Distribution des résultats
% des personnes avec chaque résultat
Percentile par nombre de réponses
Votre historique - résultats
Vous n’avez pas pris ce quiz depuis la dernière actualisation